Dlhodobé alebo krátkodobé investície v súčasnosti

Globálna finančná kríza priniesla aj zmenu v postojoch pri investovaní. Slabé stránky stratégie Buy and hold. Problém diverzifikácie rizika. Platnosť stratégie cost averaging efect.

Salvato in:
Dettagli Bibliografici
Autore principale: Chovancová, Božena
Natura: Capitolo di libro
Lingua:slovacco
Soggetti:
Tags: Aggiungi Tag
Nessun Tag, puoi essere il primo ad aggiungerne!!

MARC

LEADER 00000naa$a2200000$$$4500
001 0125621
005 20240502072431.3
041 0 |a slo 
044 |a SK 
245 1 0 |a Dlhodobé alebo krátkodobé investície v súčasnosti  |c Božena Chovancová 
520 |a Globálna finančná kríza priniesla aj zmenu v postojoch pri investovaní. Slabé stránky stratégie Buy and hold. Problém diverzifikácie rizika. Platnosť stratégie cost averaging efect. 
610 2 0 |a investovanie 
610 2 0 |a investovanie kolektívne 
610 2 0 |a stratégia investičná 
100 1 |a Chovancová, Božena